000
00272pab a2200109 454500
008
180718b xxu||||| |||| 00| 0 eng d
100
_a
Kothari, Ashish
245
_a
Police atrocities at Manibeli: Report of a visit
650
_a
Police
773
_a
Mainstream
909
_a
21568
999
_c
21568
_d
21568